000 00285nam a2200085Ia 4500
245 0 _aStart your own public relations business : your step-by-step guide to success
100 _a Lynn, Jacquelyn Canada, [c.2009]
_980819
942 _cBK
008 210825s9999 xx 000 0 und d
999 _c568702
_d568701